Les merveilles du monde - Statistiques

Statistiques générales
  • Ce quiz a été pris 102 fois
  • Le résultat moyen est 8 sur 14
Answers on the Grid
Answers color-coded by a green-red scale on the quiz's grid according to % correct below.
Grande muraille
Pétra
Christ rédempteur
Machu Picchu
Chichén Itzá
Colisée
Taj Mahal
Pyramide de Khéops
Jardin suspendus de Babylone
Statue Chryséléphantines de Zeus
Temple d'Artémis
Mausolée d'Halicarnasse
Colosse de Rhodes
Phare d'Alexandrie
Armée en terre cuite
Mont Rushmore
Statue de la liberté
Cité interdite
Cathédrale Saint-Sauveur-sur-le-Sang-Versé
Tour de Babel
Burj Khalifa
Statue de l'Unité
Tour Eiffel
Golden gate bridge
Canal de Panama
Barrage des 3 gorges
Château de Versailles
Palais des Doges
Basilique Sainte-Sophie
Palais du Potola
 
Statistiques - réponses
Réponse % Correct
Pyramide de Khéops
69%
Machu Picchu
68%
Phare d'Alexandrie
67%
Taj Mahal
67%
Colosse de Rhodes
60%
Grande muraille
60%
Jardin suspendus de Babylone
59%
Pétra
56%
Colisée
54%
Christ rédempteur
49%
Temple d'Artémis
46%
Mausolée d'Halicarnasse
45%
Statue Chryséléphantines de Zeus
41%
Chichén Itzá
37%
Aucun quiz correspondant
Distribution des résultats
% des personnes avec chaque résultat
Percentile par nombre de réponses
Votre historique - résultats
Vous n’avez pas pris ce quiz